The Vintage wine book. (Запис № 562389)

МАРК-запис
000 -LEADER
fixed length control field 01222cam a2200301I 4500
001 - CONTROL NUMBER
control field vintagewinebook00leed
003 - CONTROL NUMBER IDENTIFIER
control field CaSfIA
005 - DATE AND TIME OF LATEST TRANSACTION
control field 20210119105914.0
007 - PHYSICAL DESCRIPTION FIXED FIELD--GENERAL INFORMATION
fixed length control field cr||||
008 - FIXED-LENGTH DATA ELEMENTS--GENERAL INFORMATION
fixed length control field 771018s1963 nyu 000 0 eng
010 ## - LIBRARY OF CONGRESS CONTROL NUMBER
LC control number 62012737
040 ## - CATALOGING SOURCE
Original cataloging agency DLC
Transcribing agency OCP
Modifying agency AU@
-- CaSfIA
035 ## - SYSTEM CONTROL NUMBER
System control number (OCoLC)3351136
050 00 - LIBRARY OF CONGRESS CALL NUMBER
Classification number TP548
Item number .L43
082 ## - DEWEY DECIMAL CLASSIFICATION NUMBER
Classification number 663.2
029 1# - (OCLC)
OCLC library identifier AU@
System control number 000010404216
100 1# - MAIN ENTRY--PERSONAL NAME
Personal name Leedom, William S.
245 14 - TITLE STATEMENT
Title The Vintage wine book.
Medium [electronic resource]
260 ## - PUBLICATION, DISTRIBUTION, ETC. (IMPRINT)
Place of publication, distribution, etc New York,
Name of publisher, distributor, etc Vintage Books
Date of publication, distribution, etc [1963]
300 ## - PHYSICAL DESCRIPTION
Extent 264 p.
Other physical details illus.
Dimensions 19 cm.
504 ## - BIBLIOGRAPHY, ETC. NOTE
Bibliography, etc Includes bibliography.
506 ## - RESTRICTIONS ON ACCESS NOTE
Standardized terminology for access restriction Необхідна авторизація на https://archive.org/ (створення облікового запису безкоштовно)
506 ## - RESTRICTIONS ON ACCESS NOTE
Standardized terminology for access restriction Необхідна авторизація на https://openlibrary.org/ (створення облікового запису безкоштовно)
650 #0 - SUBJECT ADDED ENTRY--TOPICAL TERM
Topical term or geographic name as entry element Wine and wine making.
856 41 - ELECTRONIC LOCATION AND ACCESS
Uniform Resource Identifier <a href="http://www.archive.org/details/vintagewinebook00leed">http://www.archive.org/details/vintagewinebook00leed</a>
Public note Free eBook from the Internet Archive
856 42 - ELECTRONIC LOCATION AND ACCESS
Uniform Resource Identifier <a href="http://www.openlibrary.org/books/OL5852251M">http://www.openlibrary.org/books/OL5852251M</a>
Public note Additional information and access via Open Library
942 ## - ADDED ENTRY ELEMENTS (KOHA)
Koha item type ЕКнига

Немає доступних примірників.